|
|
|
|
| LEADER |
00000nab a2200000uu 4500 |
| 001 |
vtls011149996 |
| 003 |
SK-MaSNL |
| 005 |
20260303120834.0 |
| 008 |
230131|2012 xo |||||||||||||||||cze| |
| 015 |
|
|
|a SNBRB
|
| 035 |
|
|
|a (urnnbn)urn:nbn:sk:snk:ar-a09zla
|
| 035 |
|
|
|a (uuid)ec001aa1-23fd-4b18-beda-fc26193ea879
|
| 035 |
|
|
|a urn:nbn:sk:snk-abazr1
|
| 040 |
|
|
|a SNKBUCL
|b slo
|c SNKBUCL
|e AACR2
|
| 041 |
0 |
|
|a cze
|
| 044 |
|
|
|a xo
|c SK
|
| 100 |
1 |
|
|a Kianička, B.
|4 aut
|9 1133500
|
| 245 |
1 |
0 |
|a Endoskopická retrográdní cholangiografie pomocí jednobalónkového enteroskopu u pacientů s Roux-Y hepatikojejunoanastomózou
|c B. Kianička, I. Novotný, I. Řiháček, J. Korbička, J. Špác, J. Žák, M. Souček, P. Piskač, P. Vlček
|
| 700 |
1 |
|
|a Novotný, I.
|4 aut
|9 691575
|
| 700 |
1 |
|
|a Řiháček, I.
|4 aut
|9 1133501
|
| 700 |
1 |
|
|a Korbička, J.
|4 aut
|9 1133755
|
| 700 |
1 |
|
|a Špác, J.
|4 aut
|9 1131197
|
| 700 |
1 |
|
|a Žák, J.
|4 aut
|9 1030980
|
| 700 |
1 |
|
|a Souček, M.
|4 aut
|9 1131104
|
| 700 |
1 |
|
|a Piskač, P.
|4 aut
|9 1133756
|
| 700 |
1 |
|
|a Vlček, P.
|4 aut
|9 811304
|
| 773 |
0 |
|
|t Vnitřní lékařství : časopis Internistické sekce Československé lékařské společnosti J. E. Purkyně
|g Roč. 58, č. 5 (2012), s. 347-353
|
| 954 |
|
|
|a odborná, vedecká literatúra cudzojazyčná (svetová)
|2 lita
|
| 958 |
|
|
|a OND
|
| 958 |
|
|
|a EUIPO
|
| 958 |
|
|
|a article14
|
| 999 |
|
|
|c 1912321
|d 1914251
|